Tic - tac 2 : actividades /
Guardado en:
| Autor Principal: | |
|---|---|
| Otros Autores: | , |
| Formato: | Libro |
| Publicado: |
Buenos Aires :
Kapelusz,
1983
|
| Materias: | |
| Etiquetas: |
Agregar Etiqueta
Sin Etiquetas, Sea el primero en etiquetar este registro!
|
| LEADER | 00724nam a22002175a 4500 | ||
|---|---|---|---|
| 001 | CEM.cems012510 | ||
| 005 | 20070420181743.0 | ||
| 008 | 130507s1983##################000#0#####d | ||
| 003 | CEMS | ||
| 082 | 0 | 4 | |a 372.41 |
| 100 | 1 | |a D'elía, Blanca | |
| 245 | 1 | 0 | |a Tic - tac 2 : |b actividades / |c Blanca D'elía ; julia N. Bordoni de Medina ; norma Mabel Tringaniello |
| 260 | |a Buenos Aires : |b Kapelusz, |c 1983 | ||
| 300 | |a 109 p. | ||
| 653 | |a Biblioteca maría de los angeles saggio | ||
| 653 | |a Educación primaria | ||
| 653 | |a Lengua-1º egb | ||
| 653 | |a Lengua-actividades | ||
| 700 | 1 | |a Bordoni de Medina, Julia N. | |
| 700 | 1 | |a Tringaniello, Norma M. | |
| 859 | |a CEMS |b BIB. CEMS - 11 de abril |h 372.41 |i D379-1 |p 23805.07 |t Ej.1 |v 2º |3 2º | ||
